| 000 | 00493nam a2200205Ia 4500 | ||
|---|---|---|---|
| 005 | 20240823013459.0 | ||
| 008 | 240823s9999||||xx |||||||||||||| ||und|| | ||
| 020 | _a81-7808-968 | ||
| 041 | _aENGLISH | ||
| 082 | _A658.8 P3 | ||
| 100 | _aKrishnamacharyulu C S G | ||
| 245 | 0 | _aCases in Rural Marketing | |
| 250 | _a1st | ||
| 260 |
_c2003 _b"Pearson," |
||
| 500 | _aYES | ||
| 650 |
_aMarketing _bManagement Studies |
||
| 700 | _a Lalitha Ramakrishnan | ||
| 942 | _cBK | ||
| 999 |
_c167366 _d167366 |
||